Anjos e demónios (Record no. 2002)
[ view plain ]
| 000 -Etiqueta do registo | |
|---|---|
| Valores | 00719nam a2200265 4500 |
| 010 ## - Número ISBN | |
| ISBN | 9789895870714 |
| 021 ## - Número do Depósito Legal | |
| Código do país | Portugal |
| Número | 549681/25 |
| 100 ## - Dados gerais de processamento | |
| Dados gerais | 20251121d2025 m||y0pory50030103ba |
| 101 ## - Língua de publicação | |
| Língua | Português |
| 102 ## - País de publicação | |
| País | Portugal |
| 200 ## - Titulo e menção de responsabilidade | |
| Título próprio | Anjos e demónios |
| Primeira menção de responsabilidade | Dan Brown |
| Outras menções de responsabilidade | trad. Elsa T. S. Vieira |
| 205 ## - Menção da edição | |
| Edição | 1ª edição |
| 210 ## - Publicação | |
| Local de publicação | Lisboa |
| Nome do editor | Planeta |
| Data de publicação | 2025 |
| 215 ## - Descrição física | |
| Paginação / Volumes | 638 p. |
| Outras indicações físicas | il. |
| Dimensões | 24 cm |
| 300 ## - Notas gerais | |
| Texto da nota | BMB-Registado |
| 304 ## - Nota relativa ao título | |
| Texto de nota | Tít. orig.: Angels & demons |
| 606 ## - Nome comum usado como assunto | |
| ID Autoridade | 795 |
| Palavra de ordem | Literatura Americana |
| 606 ## - Nome comum usado como assunto | |
| ID Autoridade | 778 |
| Palavra de ordem | Romance Policial |
| 675 ## - CDU | |
| Notação | 821.111(73)-312.4 |
| Edição | BMB |
| Língua | por |
| 700 ## - Autor principal (pessoa individual) | |
| Apelido | Brown |
| Nome | Dan |
| Datas | 1964 |
| ID Autoridade | 1474 |
| 702 ## - Autor secundário (pessoa individual) | |
| Apelido | Vieira |
| Nome | Elsa T. S. |
| ID Autoridade | 1120 |
| 801 ## - Fonte de origem | |
| País | PT |
| Agência | BMB |
| Regras de catalogação | RPC |
| 990 ## - Elementos KOHA | |
| Tipo de documento | Livro |
| Situação do levantamento | Estado | Número | Biblioteca de origem | Código de barras | Cota | Permissão de empréstimo | Tipo de documento | Forma de aquisição |
|---|---|---|---|---|---|---|---|---|
| 1 | Biblioteca Municipal de Borba | 1952 | 821.111(73)-312.4 BRO / ANJ | Livro | Compra |